000 00320nam a22001457a 4500
008 210311b ||||| |||| 00| 0 eng d
020 _a9780136002376
041 _aeng
080 _a541
082 _a541
100 _a12
101 _aKIM
245 _aInstructor's Resource Manual
_cBrunauer,S.L
942 _2udc
_cBK
999 _c56401
_d56401